| 000 | 00429nam a2200181Ia 4500 | ||
|---|---|---|---|
| 001 | 10619 | ||
| 005 | 20260306161845.0 | ||
| 008 | 260306t1979||||xx |||||||||||||| ||spa|| | ||
| 041 | _aESP | ||
| 082 |
_a944.07 _bM26 |
||
| 100 |
_aMarx _eAUT |
||
| 245 | 0 | _aLas luchas de clases en Francia de 1848 a 1850 | |
| 260 | _c1979 | ||
| 300 |
_a164 páginas : _c20 cm. |
||
| 650 | _aGEN | ||
| 654 | _aCHU | ||
| 942 |
_cLIB _dJUS _fJUS _2ddc _n |
||
| 999 |
_c10619 _d10619 |
||